[Event "Joao Pessoa Fischer Memorial 7th"]
[Site "Joao Pessoa"]
[Date "2016.03.11"]
[Round "1"]
[White "Freitas, Edjaelson de Olivei"]
[Black "Franca Pessoa, Amilcar Celio"]
[Result "0-1"]
[WhiteElo "1800"]
[BlackElo "1932"]
[PlyCount "72"]
[EventDate "2016.03.11"]
[EventType "swiss"]
[EventRounds "6"]
[EventCountry "BRA"]
[SourceTitle "CBM 171 Extra"]
[Source "ChessBase"]
[SourceDate "2016.04.26"]
[SourceVersion "1"]
[SourceVersionDate "2016.04.26"]
[SourceQuality "1"]

1. e4 c5 2. Bc4 e6 3. d3 Nc6 4. Nf3 Be7 5. Nc3 d6 6. b3 a6 7. d4 b5 8. Bf1 Bf6 9. Be3 Qb6 10. Qd2 cxd4 11. Nxd4 Bxd4 12. Bxd4 Qxd4 13. Qxd4 Nxd4 14. 0-0-0 e5 15. Nd5 Ra7 16. c3 Ne6 17. Nb6 Rc7 18. Nxc8 Rxc3+ 19. Kb2 Rxc8 20. Rxd6 Ra8 21. Be2 Nf6 22. h3 0-0 23. Rc1 Nxe4 24. Rd5 f6 25. Bf3 N4g5 26. Bd1 Rfd8 27. Rxd8+ Rxd8 28. b4 Nd4 29. Rc7 Nge6 30. Ra7 Rd6 31. Ra8+ Kf7 32. Bh5+ g6 33. Ra7+ Kg8 34. Bd1 Nf4 35. g3 Nd3+ 36. Ka3 Nxf2 0-1